000 01000cam a2200337 a 4500
001 4505617
003 OSt
005 20140310184451.0
008 980203s1998 nyu c 000 1 eng
010 _a 98012343
020 _a0786804327 (trade)
020 _a0786823828 (lib. ed.)
040 _aDLC
_cDLC
_dDLC
042 _alcac
050 0 0 _aPZ 7
_b.K8369 1999
100 1 _aKorman, Gordon.
245 1 4 _aThe 6th grade nickname game /
_cGordon Korman.
246 3 _aSixth grade nickname game
250 _a1st ed.
260 _aNew York :
_bHyperion Books for Children,
_c1999.
300 _a154 p. :
_c22 cm.
521 _aG4
526 _c640
650 1 _aNicknames
_vFiction.
_928041
650 1 _aSchools
_vFiction.
_928042
650 1 _aHumorous stories.
_93831
906 _a7
_bcbc
_corignew
_d1
_eocip
_f19
_gy-gencatlg
942 _2lcc
_cBK-SCHOLAS
999 _c34582
_d34582